000 00615nam a2200241Ia 4500
003 OSt
005 20221007101639.0
006 a|||||r|||| 00| 0
007 ta
008 221006b |||||||| |||| 00| 0 eng d
024 _a6,924
037 _cTextual
040 _aLCO
_cLCO
_beng
041 _2eng
_aeng
082 _aZm2,N52, J2
245 0 _aELECTION Law reports, 1952-53
260 _aDelhi
_bElection Commossioner of India
_c1952
300 _a519
490 _v2, P.1-5
650 _aELECTION LAW REPORTS
_9703324
942 _hZm2,N52, J2
_cTEXL
999 _c1176487
_d1176487